Za obzor totalitarismu srovnání stalinismu a nacismu

Na minha lista:
Detalhes bibliográficos
Outros Autores: Geyer, Michael, Fitzpatricková, Sheila
Formato: Livro
Idioma:tcheco
Publicado em: Praha Academia 2012
Colecção:Historie
Assuntos:
Tags: Adicionar Tag
Sem tags, seja o primeiro a adicionar uma tag!

MARC

LEADER 00000nam a2200000 4500
001 0150885
005 20240315114758.6
020 |a 978-80-200-2035-2 
041 0 |a cze 
044 |a CZ 
245 1 0 |a Za obzor totalitarismu  |b srovnání stalinismu a nacismu  |c Michael Geyer, Sheila Fitzpatricková (eds.) 
264 1 |a Praha  |b Academia  |c 2012 
300 |a 686 s. 
490 1 |a Historie 
830 0 |a Historie 
610 2 0 |a totalitarizmus 
610 2 0 |a moc politická 
610 2 0 |a fašizmus 
610 2 0 |a komunizmus 
610 2 0 |a politika 
610 2 0 |a politológia 
700 1 |a Geyer, Michael 
700 1 |a Fitzpatricková, Sheila